000 00393nam a22001577a 4500
005 20180810121951.0
008 160628b xxu||||| |||| 00| 0 eng d
041 _aeng
082 _b10960
_a658.3
100 _aSingh, P.N.
_93121
245 _aDeveloping and Managing Human Resources
260 _bSuchandra Publication
_abombay
300 _a292p,
650 _aManagement
_9241
942 _cBK
999 _c4563
_d4561